| 000 | 00374nam a2200157Ia 4500 | ||
|---|---|---|---|
| 008 | 210210b1943 xxu||||| |||| 00| 0 eng d | ||
| 041 | _aeng | ||
| 082 | _a825/352 | ||
| 100 | _aGAUNT (William) | ||
| 245 | _aPre-raphaelie dream | ||
| 260 |
_aLondon _bNot Mentioned _c1943 |
||
| 650 | _aPre-raphaelie | ||
| 650 | _adream | ||
| 690 | _aEnglish Criticism | ||
| 906 | _a014668 | ||
| 999 |
_c133883 _d133883 |
||